00451nam a22001697a 450000500170000001000140001702000100003103500130004103700130005408200120006710000220007924500460010126000560014727000460020330000210024965000110027020100807123223.0 aENG-98830 c80.00 aEN-82362 bDBAD/PUB a581.014 aJahir Hussain, G. aPlant nomenclature /cby G. Jahir Hussain aValparaibAnnamalayar Educational Publicationc2007 a8/305, Thulasinga NagarbValparaie642127 a68p.c20cm (pbk) aPlants